Kiến tạo môi trường khởi nghiệp
Tập hợp các bài phân tích và đề xuất xoay quanh chính sách thúc đẩy phát triển tinh thần khởi nghiệp tích cực, ươm tạo doanh nghiệp khởi nghiệp, cải thiện môi trường kinh doanh...
Tallennettuna:
| Päätekijä: | |
|---|---|
| Aineistotyyppi: | Kirja |
| Kieli: | Undetermined |
| Julkaistu: |
H.
Thông tin và truyền thông
2018
|
| Aiheet: | |
| Linkit: | http://lrc.tdmu.edu.vn/opac/search/detail.asp?aID=2&ID=41374 |
| Tagit: |
Lisää tagi
Ei tageja, Lisää ensimmäinen tagi!
|
| Thư viện lưu trữ: | Trung tâm Học liệu Trường Đại học Thủ Dầu Một |
|---|
| LEADER | 00924nam a2200205Ia 4500 | ||
|---|---|---|---|
| 001 | TDMU_41374 | ||
| 008 | 210410s9999 xx 000 0 und d | ||
| 082 | |a 428.13 | ||
| 090 | |b H531 | ||
| 100 | |a Huỳnh, Thanh Điền | ||
| 245 | 0 | |a Kiến tạo môi trường khởi nghiệp | |
| 245 | 0 | |c Huỳnh Thanh Điền | |
| 260 | |a H. | ||
| 260 | |b Thông tin và truyền thông | ||
| 260 | |c 2018 | ||
| 300 | |a 110tr. | ||
| 520 | |a Tập hợp các bài phân tích và đề xuất xoay quanh chính sách thúc đẩy phát triển tinh thần khởi nghiệp tích cực, ươm tạo doanh nghiệp khởi nghiệp, cải thiện môi trường kinh doanh... | ||
| 650 | |a Doanh nghiệp |x Khởi nghiệp | ||
| 856 | |u http://lrc.tdmu.edu.vn/opac/search/detail.asp?aID=2&ID=41374 | ||
| 980 | |a Trung tâm Học liệu Trường Đại học Thủ Dầu Một | ||